| 000 | 00499 a2200181 4500 | ||
|---|---|---|---|
| 999 |
_c4166 _d4166 |
||
| 020 | _a9780140282405 | ||
| 050 | _aPR6054 DUN 1964 | ||
| 100 |
_aDunnet, Dorothy _eauthor |
||
| 245 |
_aQueens' play / _cDorothy Dunnett |
||
| 264 |
_aLondon _bPenguin Books _c1964 |
||
| 300 | _a468p. : | ||
| 500 | _aNovel | ||
| 650 | _aCrawford, Francis (Fictitious character) | ||
| 650 | _aMary, Queen of Scots, 1542-1587 | ||
| 650 | _aCourts and courtiers | ||
| 651 | _aScotland | ||
| 942 |
_2lcc _cBK _h6054 _iDUN _kPR |
||